000 01316nam a22002777a 4500
001 EPSA 0251
003 gtcocun
005 20250918191103.0
006 a||||gr|||| 00| 0
007 ta
008 250918b2023 gt ||||| m||| 00| 0 eng d
040 _agtcocun
_bSPA
_cgtcocun
_eRDA
041 _aSPA EPSA 0251
084 _0EPSA 0251
100 _aTorres Alvarado, Dulce Anahí
_eAutor
245 _aINFORME FINAL DEL EJERCICIO PROFESIONAL SUPERVISADO REALIZADO EN NUEVE AGUAS, COBÁN, ALTA VERAPAZ./
_cDulce Anahí Torres Alvarado.
_hImpreso
264 _aCobán, Alta Verapaz:
_bUniversidad de San Carlos de Guatemala, Centro Universitario del Norte, Licenciatura en Administración de Empresas
_c2023
300 _a45 p.:
_bIlustraciones, gráficas.
_c28 cm;
502 _eEPSA 0251
502 _aEjercicio Profesional Supervisado
_bLicenciatura en Administración de Empresas,
_cUniversidad de San Carlos de Guatemala, Centro Universitario del Norte, Licenciatura en Administración de Empresas
_d2023
_oEPSA 0251
650 _2LEMB
_aCobán, Alt Verapaz.
_xAdministración
_xPlan de acción
_xDiscusión
_xEjecución
_xAnálisis
700 _eAsesor
856 _uSin archivo en línea.
_zSin archivo en línea.
942 _2ddc
_cTES
_iEPSA 0251
_kClasificación
_n0
_6EPSA_0251_000000000000000
999 _c1964
_d1964